| 000 | 01653cam a22003857a 4500 | ||
|---|---|---|---|
| 001 | 14828028 | ||
| 005 | 20070905113305.0 | ||
| 008 | 070430s2007 enk | b 001 0 eng d | ||
| 010 | _a2007296787 | ||
| 015 |
_aGBA689895 _2bnb |
||
| 016 | 7 |
_a013583956 _2Uk |
|
| 020 | _a9780521860512 (hbk.) | ||
| 020 | _a9780521677851 (pbk.) | ||
| 035 | _a(OCoLC)ocm74523261 | ||
| 035 | _a(OCoLC)74523261 | ||
| 040 |
_aUKM _cUKM _dBAKER _dYDXCP _dBWKUK _dDLC |
||
| 042 | _alccopycat | ||
| 050 | 0 | 0 |
_aU22 _b.P75 2007 |
| 082 | 0 | 4 |
_a172.42 _222 _bPRI |
| 245 | 0 | 4 |
_aThe Price of Peace : _bJust War in the Twenty-First Century / _cEdited by Charles Reed and David Ryall. |
| 260 |
_aCambridge, UK : _bCambridge University Press, _c2007. |
||
| 300 |
_axvii, 340 p. ; _c24 cm. |
||
| 504 | _aIncludes bibliographical references and index. | ||
| 541 | _aBacca ; | ||
| 650 | 0 |
_aJust war doctrine. _915507 |
|
| 650 | 0 |
_aWar _xMoral and ethical aspects. _915508 |
|
| 700 | 1 |
_aReed, Charles. _915509 _eEditor |
|
| 700 | 1 |
_aRyall, David. _915510 _eEditor |
|
| 856 | 4 | 1 |
_3Table of contents only _uhttp://www.loc.gov/catdir/toc/fy0710/2007296787.html |
| 856 | 4 | 2 |
_3Contributor biographical information _uhttp://www.loc.gov/catdir/enhancements/fy0729/2007296787-b.html |
| 856 | 4 | 2 |
_3Publisher description _uhttp://www.loc.gov/catdir/enhancements/fy0729/2007296787-d.html |
| 942 |
_2ddc _cBB |
||
| 999 |
_c14299 _d14299 |
||